000 01036nmc a2200337 a 4500
003 AR-BaBNM
005 20251128205826.0
008 248019s1996 ||||||||||||||000 | spa||
020 _a84-331-0710-0
040 _cAR-BaBNM
100 1 _aMartín Bris, Mario
245 1 0 _aOrganización y planificación integral de centros
260 _aMadrid
_bEscuela Española
_c1996
300 0 _a268 p.
_bgráfs.
490 0 _aEducación al día. Organización Escolar
500 0 _aReferencias legales: p. 255-257
504 _aBibliografía: p.259-264
650 4 _aDIRECTIVOS
650 4 _aREGLAMENTOS EDUCACIONALES
651 4 _aEspaña
653 0 _aGESTION INSTITUCIONAL
653 0 _aINSTITUCIONES EDUCATIVAS
653 0 _aPROYECTO EDUCATIVO INSTITUCIONAL
653 0 _aPLANIFICACION INSTITUCIONAL
653 0 _aEDUCACION INICIAL
653 0 _aEDUCACION PRIMARIA
653 0 _aEDUCACION SECUNDARIA
653 0 _aLEY DE ORDENACION GENERAL DEL SISTEMA EDUCATIVO {LOGSE}: ESPANA
942 _cBK
998 _carturo
999 _c12965
_d12965